Effect of carbon black on dynamic properties of rubber vulcanizates (1978 reviews) (Record no. 57732)

MARC details
000 -LEADER
fixed length control field 00402nam a2200133Ia 4500
100 ## - MAIN ENTRY--AUTHOR NAME
Personal name Medalia A I
245 #0 - TITLE STATEMENT
Title Effect of carbon black on dynamic properties of rubber vulcanizates (1978 reviews)
260 ## - PUBLICATION, DISTRIBUTION, ETC. (IMPRINT)
Name of publisher Rubber Chemistry and Technology
Year of publication 1978
650 ## - SUBJECT ADDED ENTRY--TOPICAL TERM
Topical Term 1978 reviews
650 ## - SUBJECT ADDED ENTRY--TOPICAL TERM
Topical Term Carbon black
650 ## - SUBJECT ADDED ENTRY--TOPICAL TERM
Topical Term Rubber vulcanizates
942 ## - ADDED ENTRY ELEMENTS (KOHA)
Koha item type Journals
Holdings
Withdrawn status Lost status Damaged status Not for loan Home library Current library Shelving location Date acquired Serial Enumeration / chronology Koha item type
      Journals RRII Library RRII Library Rubber chemistry 17/12/2021 Volume 51, Issue 3 Journals